000 00942cam a2200217 i 4500
005 20251112124330.0
008 250721s2002 jo gr 000 0 ara d
082 1 4 _a189
_bزع ب
100 1 _aالزعبي، أنور خالد
_eمؤلف.
245 _aواقعية إبن تيمية - مسألة المعرفة والمنهج /
_cتأليف د. أنور خالد الزعبي.
250 _aالطبعة الأولى.
264 3 1 _aعمان :
_bدار الاعلام للنشر والتوزيع،
_c2002.
264 3 1 _aعمان :
_bالمعهد العالمي للفكر الاسلامي،
300 _a248 صفحة.
490 0 _aسلسلة حركات الإصلاح والتغيير ؛
_vرقم 7.
650 1 7 _aالفلسفه الاسلامية.
650 1 7 _aالاصلاح الاجتماعي.
830 0 _aسلسلة حركات الإصلاح والتغيير.
942 _2ddc
_cBK
999 _c88582
_d88582